00632nam a2200181 i 450000100060000000300090000600500170001500700030003200800410003510000300007624500450010626000340015130000220018550000720020785200320027999900170031195201220032841030ES-MaACL20230906160348.0t|030307s1971 sp ||||1| spa d1 aCarpentier, Alejo.93544214aLos pasos perdidos / cAlejo Carpentier. aBarcelona : bBarral, c1971. a276 p. ; c19 cm. aError de encuadernación: 33-64 pág. cuadernillo fuera de lugar. aES-MaACLjC-40163 bR.77124 c41030d41030 00104070aATENEOMbATENEOMcDEPO2d2008-01-17eSCl0oC-40163p1043198r2023-02-23 00:00:00w2023-02-23yMONOGRAFIA